Normal view
MARC view
Entry Personal Name
001 - CONTROL NUMBER
- control field: 1185668
003 - CONTROL NUMBER IDENTIFIER
- control field: OSt
005 - DATE AND TIME OF LATEST TRANSACTION
- control field: 20260324131458.0
008 - FIXED-LENGTH DATA ELEMENTS
- fixed length control field: 260324|| aca||aabn | a|a d
040 ## - CATALOGING SOURCE
- Original cataloging agency: OSt
- Transcribing agency: OSt
100 ## - HEADING--PERSONAL NAME
- Personal name: Tanya Storch
670 ## - SOURCE DATA FOUND
- Source citation: Work cat.: (OSt)1782851: Tanya Storch, Religions and Missionaries around the Pacific, 1500–1900
